[Event "ICS rated blitz match"]
[Site "204.178.125.65"]
[Date "2000.07.08"]
[Round "?"]
[White "WhiteCastles"]
[Black "Hossa"]
[Result "1-0"]
[WhiteElo "2894"]
[BlackElo "2518"]
[PlyCount "151"]
[EventDate "2000.??.??"]

1. d4 d5 2. c4 e6 3. Nc3 Nf6 4. cxd5 exd5 5. Bg5 c6 6. e3 Be7 7. Bd3 h6 8. Bf4
O-O 9. h3 b6 10. Nf3 Na6 11. a3 Nc7 12. Ne5 Bb7 13. O-O c5 14. Bf5 Nce8 15.
dxc5 bxc5 16. b3 Nd6 17. Bd3 Qc7 18. Be2 Rfe8 19. Rc1 Qc8 20. Re1 Nde4 21. Nxe4
Nxe4 22. Bg4 Qd8 23. Bh5 g6 24. Bg4 Bd6 25. Nd3 Bxf4 26. Nxf4 Qf6 27. Qc2 h5
28. Bd7 Re7 29. Bb5 d4 30. Nd3 Nc3 31. Bc4 Qg5 32. f4 Qg3 33. Nxc5 Rxe3 34. Qf2
Qxf2+ 35. Kxf2 Rxe1 36. Rxe1 Bc6 37. Re7 Be8 38. g3 Kg7 39. Rc7 Kf6 40. Kf3 Nb1
41. Ne4+ Kg7 42. a4 a5 43. Ke2 Rd8 44. Kd3 Bd7 45. g4 hxg4 46. hxg4 Na3 47. Bd5
Bxg4 48. Rxf7+ Kh6 49. Nf6 Bf5+ 50. Kxd4 Nc2+ 51. Ke5 Rh8 52. Ra7 Nb4 53. Be4
Bxe4 54. Kxe4 Nc6 55. Rc7 Nb4 56. Ng4+ Kh5 57. Ne5 g5 58. Rc1 Kh6 59. Nf7+ Kg7
60. Nxh8 gxf4 61. Rc8 f3 62. Kxf3 Nd3 63. Ke3 Nb4 64. Ke4 Na6 65. Kf5 Nb4 66.
Ng6 Na6 67. Re8 Nc7 68. Re7+ Kg8 69. Nf4 Ne8 70. Rxe8+ Kf7 71. Re6 Kg7 72. Nh5+
Kf7 73. Re4 Kg8 74. Kg6 Kf8 75. Re6 Kg8 76. Re8# {Hossa checkmated} 1-0

[Event "ICS rated blitz match"]
[Site "204.178.125.65"]
[Date "2000.07.08"]
[Round "?"]
[White "Hossa"]
[Black "WhiteCastles"]
[Result "0-1"]
[WhiteElo "2515"]
[BlackElo "2897"]
[PlyCount "64"]
[EventDate "2000.??.??"]

1. e4 d5 2. exd5 Qxd5 3. Nf3 Bg4 4. Be2 Nc6 5. O-O O-O-O 6. h3 Bh5 7. Nc3 Qd7
8. d3 e6 9. Be3 Nf6 10. a4 Bb4 11. Qc1 h6 12. Nb5 a6 13. g4 Bg6 14. c3 Be7 15.
Nbd4 Bd6 16. b4 Nd5 17. Nxc6 Qxc6 18. Bd2 Nb6 19. b5 axb5 20. axb5 Qxb5 21. Qc2
h5 22. c4 Qc6 23. Nd4 Bh2+ 24. Kxh2 Rxd4 25. gxh5 Bxd3 26. Bxd3 Qf3 27. Be3 Rh4
28. Bf5 R8xh5 29. Kg1 Rxh3 30. Bxh3 Rxh3 31. Ra8+ Nxa8 32. Bg5 Rh1# {
Hossa checkmated} 0-1

[Event "ICS rated blitz match"]
[Site "204.178.125.65"]
[Date "2000.07.08"]
[Round "?"]
[White "Tinker"]
[Black "Hossa"]
[Result "1-0"]
[WhiteElo "2473"]
[BlackElo "2512"]
[PlyCount "101"]
[EventDate "2000.??.??"]

1. e4 d5 2. exd5 Qxd5 3. Nf3 Bg4 4. Be2 Nc6 5. Nc3 Qh5 6. O-O O-O-O 7. h3 Bxf3
8. Bxf3 Qc5 9. Ne4 Qd5 10. Nc3 Qc5 11. Bh5 g6 12. Be2 Nf6 13. b3 g5 14. Bb2 Qf5
15. Bd3 Qe5 16. Re1 Qd4 17. Rb1 Qh4 18. Ne4 Bg7 19. Nxf6 Bxf6 20. Bxf6 exf6 21.
Re4 Qh6 22. Ra4 Kb8 23. Be4 Nd4 24. c3 Ne6 25. Ra5 Qf8 26. d4 c6 27. Qf3 Qe7
28. b4 Nf4 29. b5 f5 30. Bxf5 c5 31. b6 axb6 32. Rxb6 Rhe8 33. Rxc5 h5 34. Rcb5
Nd5 35. Rxb7+ Qxb7 36. Rxb7+ Kxb7 37. c4 Re1+ 38. Kh2 g4 39. Qb3+ Ka7 40. Qa4+
Kb7 41. Qb5+ Nb6 42. c5 g3+ 43. fxg3 Rde8 44. Qxb6+ Ka8 45. Bd7 R8e6 46. c6
Rh1+ 47. Kxh1 Re1+ 48. Kh2 Rb1 49. Qa5+ Kb8 50. c7+ Kb7 51. c8=Q# {
Hossa checkmated} 1-0

[Event "ICS rated standard match"]
[Site "204.178.125.65"]
[Date "2000.07.08"]
[Round "?"]
[White "Hossa"]
[Black "RGEchess"]
[Result "1-0"]
[WhiteElo "2312"]
[BlackElo "2074"]
[PlyCount "93"]
[EventDate "2000.??.??"]

1. e4 c5 2. c3 Nc6 3. Nf3 d6 4. d4 cxd4 5. cxd4 e6 6. Nc3 Nf6 7. Bd3 Be7 8. d5
Ne5 9. Bb5+ Bd7 10. Nxe5 dxe5 11. dxe6 fxe6 12. Bd3 O-O 13. Be3 a6 14. O-O Bc6
15. Qb3 Kh8 16. Rfd1 Qc8 17. Bb6 Bd8 18. Bxd8 Rxd8 19. a4 Qc7 20. Qxe6 Re8 21.
Qf5 Rf8 22. Qg5 Qb6 23. Rd2 Rad8 24. Qxe5 Rxd3 25. Rxd3 Qxb2 26. Ra2 Qb6 27.
Qd6 Kg8 28. Rad2 Qb3 29. e5 Ne8 30. Qd4 Qe6 31. Nd5 Rf7 32. f4 g6 33. Nb6 Kg7
34. Rf2 h5 35. Qc5 Rf5 36. Rd8 h4 37. a5 h3 38. g3 Qb3 39. Qc1 Qb4 40. Nc4 Qc5
41. Qc2 Bb5 42. Nd6 Qxc2 43. Nxe8+ Kf8 44. Rxc2 Ke7 45. Rb8 Bc6 46. Rxc6 bxc6
47. Ng7 {RGEchess resigns} 1-0

[Event "ICS rated standard match"]
[Site "204.178.125.65"]
[Date "2000.07.08"]
[Round "?"]
[White "RGEchess"]
[Black "Hossa"]
[Result "0-1"]
[WhiteElo "2053"]
[BlackElo "2314"]
[PlyCount "66"]
[EventDate "2000.??.??"]

1. d4 d5 2. Nf3 c6 3. Bf4 e6 4. e3 Bd6 5. Bxd6 Qxd6 6. c3 c5 7. Bd3 Nf6 8. Nbd2
Nc6 9. O-O O-O 10. e4 cxd4 11. cxd4 dxe4 12. Nxe4 Nxe4 13. Bxe4 Rd8 14. Bxc6
Qxc6 15. Rc1 Qd5 16. Rc7 Qxa2 17. Ne5 Qxb2 18. Nxf7 Rd7 19. Rxd7 Bxd7 20. Ng5
h6 21. Nf3 Bb5 22. Re1 Qa2 23. Ne5 Rf8 24. f3 Rc8 25. Qb1 Qxb1 26. Rxb1 a6 27.
Rb4 Rc1+ 28. Kf2 Rc2+ 29. Kg3 Bf1 30. Rxb7 Rxg2+ 31. Kf4 g5+ 32. Ke4 Re2+ 33.
Kd3 Rb2+ {RGEchess resigns} 0-1

[Event "ICS rated standard match"]
[Site "204.178.125.65"]
[Date "2000.07.08"]
[Round "?"]
[White "RGEchess"]
[Black "Hossa"]
[Result "0-1"]
[WhiteElo "2026"]
[BlackElo "2318"]
[PlyCount "54"]
[EventDate "2000.??.??"]

1. d4 d5 2. Nf3 c6 3. Bf4 e6 4. e3 Bd6 5. Bg3 Bxg3 6. hxg3 Nf6 7. c4 O-O 8. Nc3
dxc4 9. Bxc4 Nbd7 10. Bd3 c5 11. Ng5 cxd4 12. exd4 h6 13. Nge4 Nxe4 14. Nxe4
Qb6 15. Qd2 Qxd4 16. O-O-O Nb6 17. Rh4 Bd7 18. Kb1 Bc6 19. Rxh6 Bxe4 20. Rh4
Bxd3+ 21. Ka1 Qd5 22. Rdh1 f6 23. Qb4 g5 24. Rh8+ Kf7 25. R1h7+ Bxh7 26. Rxh7+
Kg6 27. Qe7 Qd1# {RGEchess checkmated} 0-1

[Event "ICS rated blitz match"]
[Site "204.178.125.65"]
[Date "2000.07.08"]
[Round "?"]
[White "Hossa"]
[Black "grobdigger"]
[Result "1/2-1/2"]
[WhiteElo "2523"]
[BlackElo "2199"]
[PlyCount "93"]
[EventDate "2000.??.??"]

1. e4 e6 2. d4 d5 3. e5 b6 4. Nf3 Qd7 5. Be2 Ba6 6. O-O Bxe2 7. Qxe2 h6 8. Be3
Nc6 9. c3 O-O-O 10. b4 Kb8 11. a4 Nge7 12. a5 Nc8 13. Qa6 f5 14. axb6 cxb6 15.
Na3 Qb7 16. Qa4 g5 17. Bc1 f4 18. Ne1 N6e7 19. Nb5 Nf5 20. Nd3 h5 21. Ne1 Bh6
22. Ra2 g4 23. Ra3 f3 24. Bxh6 Rxh6 25. Ra1 fxg2 26. Nxg2 h4 27. Ra2 Qg7 28.
Qa6 Rd7 29. Nf4 g3 30. h3 gxf2+ 31. Kxf2 Qg3+ 32. Ke2 Qe3+ 33. Kd1 Ng3 34. Rff2
Qe4 35. Rab2 Rf7 36. Ng2 Rxf2 37. Rxf2 Qd3+ 38. Kc1 Ne2+ 39. Kb2 Qd2+ 40. Ka1
Qc1+ 41. Ka2 Qc2+ 42. Ka1 Qd1+ 43. Kb2 Qc1+ 44. Ka2 Qc2+ 45. Ka1 Qc1+ 46. Ka2
Qc2+ 47. Ka1 1/2-1/2

[Event "ICS Rated standard match"]
[Site "204.178.125.65"]
[Date "2000.07.08"]
[Round "?"]
[White "Grok"]
[Black "Hossa"]
[Result "0-1"]
[WhiteElo "2208"]
[BlackElo "2320"]
[PlyCount "109"]
[EventDate "2000.??.??"]

1. e4 c5 2. Nf3 d6 3. d4 cxd4 4. Nxd4 Nf6 5. Nc3 Nc6 6. Bc4 e6 7. Bb3 Be7 8.
Be3 O-O 9. O-O Na5 10. f4 Nxb3 11. axb3 e5 12. fxe5 Ng4 13. Qe2 Nxe3 14. Qxe3
dxe5 15. Ndb5 b6 16. Qe2 a6 17. Nd5 Bc5+ 18. Kh1 Qh4 19. Ndc7 Bg4 20. Qe1 Qxe1
21. Rfxe1 Rad8 22. Nxa6 Bf2 23. Rec1 f5 24. Nb4 fxe4 25. Nc6 Rd2 26. Nc3 e3 27.
Ne4 Rd1+ 28. Rxd1 Bxd1 29. Ng5 Re8 30. Rxd1 e2 31. Ra1 e1=Q+ 32. Rxe1 Bxe1 33.
Nf3 Ra8 34. Ncxe5 Ra1 35. g4 Bc3+ 36. Kg2 Bxe5 37. Nxe5 Re1 38. Nd3 Re2+ 39.
Kf3 Rxc2 40. h3 Kf7 41. h4 g6 42. Kf4 Kf6 43. h5 gxh5 44. gxh5 Rd2 45. Ke4 Rh2
46. Kd5 Rxh5+ 47. Kc4 Kf5 48. Nb4 Rh4+ 49. Kb5 Rxb4+ 50. Kxb4 Ke4 51. Kc4 b5+
52. Kc5 h5 53. b4 h4 54. Kb6 Kd4 55. Ka6 {Grok resigns} 0-1

[Event "ICS rated blitz match"]
[Site "204.178.125.65"]
[Date "2000.07.08"]
[Round "?"]
[White "QueenMaxima"]
[Black "Hossa"]
[Result "1/2-1/2"]
[WhiteElo "2454"]
[BlackElo "2513"]
[PlyCount "124"]
[EventDate "2000.??.??"]

1. e4 e6 2. d4 d5 3. Nc3 Nf6 4. Bg5 dxe4 5. Nxe4 Be7 6. Bxf6 Bxf6 7. Nf3 O-O 8.
Qd2 Nc6 9. Bb5 Be7 10. Bxc6 bxc6 11. O-O-O Qd5 12. Nc3 Qf5 13. Qe2 c5 14. d5
Qf4+ 15. Qe3 Qb4 16. dxe6 Bxe6 17. Nd5 Bxd5 18. Rxd5 Bf6 19. c3 Qc4 20. Qxc5
Qxa2 21. Qa5 Qc4 22. Rhd1 Rfb8 23. Nd4 Bxd4 24. R5xd4 Qe2 25. R4d2 Qe7 26. Qf5
a5 27. Rd7 Qf8 28. Rxc7 g6 29. Qf4 Rb5 30. Rdd7 Rf5 31. Qd2 Rb8 32. f4 g5 33.
fxg5 Rf1+ 34. Kc2 Qe8 35. b3 Qe4+ 36. Rd3 Re1 37. Rc4 Qe8 38. g6 hxg6 39. Qg5
Rb5 40. Qg4 Rb8 41. Rd2 Kg7 42. Qh4 Qe6 43. Qd4+ Kg8 44. Qg4 a4 45. bxa4 Qe8
46. a5 Ra1 47. Rd5 Ra2+ 48. Kd3 f5 49. Qf3 Qe1 50. Rc7 Rf2 51. Rdd7 Qd2+ 52.
Kc4 Qa2+ 53. Kd4 Rxf3 54. gxf3 Qa4+ 55. Kd3 Qxa5 56. Rg7+ Kf8 57. Rgf7+ Ke8 58.
Rfe7+ Kd8 59. Red7+ Ke8 60. Re7+ Kd8 61. Red7+ Ke8 62. Re7+ Kf8 1/2-1/2

[Event "ICS rated blitz match"]
[Site "204.178.125.65"]
[Date "2000.07.08"]
[Round "?"]
[White "Hossa"]
[Black "QueenMaxima"]
[Result "0-1"]
[WhiteElo "2510"]
[BlackElo "2457"]
[PlyCount "132"]
[EventDate "2000.??.??"]

1. e4 e5 2. Nf3 Nc6 3. Bb5 a6 4. Bxc6 dxc6 5. O-O f6 6. d4 exd4 7. Nxd4 c5 8.
Nb3 Qxd1 9. Rxd1 Bg4 10. f3 Be6 11. Be3 b6 12. Nc3 Bd6 13. a4 Kf7 14. a5 c4 15.
Nd4 b5 16. Nxe6 Kxe6 17. g4 Be5 18. Nd5 Ne7 19. f4 Bd6 20. Nxe7 Kxe7 21. Kg2
Rad8 22. Rd5 c6 23. Rd2 Bc7 24. Rxd8 Rxd8 25. Kf3 Bb8 26. h4 Ke6 27. Bc5 Rd2
28. Rc1 Bd6 29. Ke3 Rh2 30. Bxd6 Kxd6 31. h5 Kc5 32. e5 fxe5 33. fxe5 Kd5 34.
Kf4 Rf2+ 35. Ke3 Rf7 36. h6 g5 37. Rd1+ Kxe5 38. Rd8 Rf4 39. Re8+ Kd5 40. Re7
Rxg4 41. c3 Rg3+ 42. Kf2 Rh3 43. Rxh7 Ke4 44. Re7+ Kd3 45. h7 Kc2 46. Kg1 Kb3
47. Kg2 g4 48. Kg1 Rh6 49. Rd7 g3 50. Rg7 Kxb2 51. Kg2 c5 52. Kxg3 Kxc3 53. Kf4
Kb4 54. Kg5 Rh2 55. Kf6 Rh1 56. Ke5 c3 57. Ke4 c2 58. Rg1 Rxg1 59. h8=Q c1=Q
60. Qc8 Qc4+ 61. Kf3 Qd5+ 62. Kf4 Qg5+ 63. Ke4 Re1+ 64. Kf3 Re3+ 65. Kf2 Qg3+
66. Kf1 Re1# {Hossa checkmated} 0-1

[Event "ICS rated blitz match"]
[Site "204.178.125.65"]
[Date "2000.07.08"]
[Round "?"]
[White "QueenMaxima"]
[Black "Hossa"]
[Result "1/2-1/2"]
[WhiteElo "2475"]
[BlackElo "2492"]
[PlyCount "48"]
[EventDate "2000.??.??"]

1. e4 e6 2. d4 d5 3. Nc3 Nf6 4. Bg5 dxe4 5. Nxe4 Be7 6. Bxf6 gxf6 7. Nf3 b6 8.
Bc4 Bb7 9. Qe2 Nd7 10. O-O-O f5 11. Ng3 b5 12. d5 bxc4 13. dxe6 fxe6 14. Ne5
O-O 15. Rxd7 Qe8 16. Qxc4 Bf6 17. Qxc7 Bxe5 18. Qxb7 Rb8 19. Qxa7 Ra8 20. Qb7
Rb8 21. Qa7 Ra8 22. Qb7 Rb8 23. Qa7 Ra8 24. Qb7 Rb8 1/2-1/2

[Event "ICS rated blitz match"]
[Site "204.178.125.65"]
[Date "2000.07.08"]
[Round "?"]
[White "Hossa"]
[Black "PostModernist"]
[Result "0-1"]
[WhiteElo "2491"]
[BlackElo "2594"]
[PlyCount "136"]
[EventDate "2000.??.??"]

1. e4 e5 2. Nf3 Nc6 3. Bb5 a6 4. Ba4 Nf6 5. Qe2 b5 6. Bb3 Bc5 7. c3 d6 8. d3 h6
9. O-O Bb7 10. Be3 Bxe3 11. fxe3 O-O 12. Nbd2 Qd7 13. Nh4 Ne7 14. a4 Bc6 15. a5
Rad8 16. Qf2 d5 17. Qg3 Qe6 18. exd5 Bxd5 19. Bxd5 Rxd5 20. d4 Rd7 21. b4 Qg4
22. Qf2 exd4 23. cxd4 Nfd5 24. Nhf3 Nc6 25. h3 Qg6 26. Nh4 Qd3 27. Nf5 Nce7 28.
Rae1 Nxf5 29. Qxf5 Qxf5 30. Rxf5 Nxb4 31. Nf3 f6 32. Rc1 Re8 33. Rfc5 Ree7 34.
Rb1 Nd5 35. Rc6 Rd6 36. Rxd6 cxd6 37. Kf2 Rxe3 38. Ra1 b4 39. Ne1 f5 40. h4 Ra3
41. Nc2 Rd3 42. Ke2 Nf4+ 43. Kf1 b3 44. Ne1 b2 45. Rb1 Rd2 46. g3 Ne2 47. Nf3
Rc2 48. Ne1 Nxg3+ 49. Kg1 Ne2+ 50. Kf2 Nc3+ 51. Nxc2 Nxb1 52. h5 Kf7 53. Ke3
Nd2 54. Na3 Nc4+ 55. Nxc4 b1=Q 56. Nxd6+ Ke6 57. Ne8 Qe4+ 58. Kf2 Qxd4+ 59. Ke2
Qe5+ 60. Kf3 Kd5 61. Nxg7 Qxg7 62. Ke3 Qc3+ 63. Kf4 Qc1+ 64. Kg3 f4+ 65. Kg4
Ke5 66. Kf3 Qf1+ 67. Kg4 Qg2+ 68. Kh4 Qg3# {Hossa checkmated} 0-1

[Event "ICS rated blitz match"]
[Site "204.178.125.65"]
[Date "2000.07.08"]
[Round "?"]
[White "Amateur"]
[Black "Hossa"]
[Result "0-1"]
[WhiteElo "2540"]
[BlackElo "2480"]
[PlyCount "166"]
[EventDate "2000.??.??"]

1. d4 d5 2. c4 e6 3. Nc3 c6 4. cxd5 exd5 5. Nf3 Bd6 6. e4 dxe4 7. Nxe4 Bf5 8.
Nxd6+ Qxd6 9. Be2 Nf6 10. Qb3 Qe7 11. Bd2 b6 12. Qb4 c5 13. dxc5 Bd3 14. Nd4
bxc5 15. Qa3 Bxe2 16. Nxe2 O-O 17. Be3 Nbd7 18. Rd1 Rfe8 19. O-O Ng4 20. Bf4
Qxe2 21. Rxd7 Nf6 22. Rd2 Qc4 23. Bc7 Ne4 24. Rd7 Nf6 25. Rdd1 Qe2 26. Bf4 Qc4
27. Be3 Ne4 28. Rc1 Qb5 29. Rfe1 Re6 30. f3 Nf6 31. Rxc5 Qb7 32. Rd1 Rae8 33.
Bd4 Nd5 34. Qa5 Nf4 35. Rc7 Qb8 36. Qxa7 Re1+ 37. Rxe1 Rxe1+ 38. Kf2 Qe8 39.
Rc2 Rh1 40. Be3 Nd3+ 41. Kg3 f5 42. Bg5 f4+ 43. Bxf4 Nxf4 44. Qa6 Nh5+ 45. Kh3
Qd7+ 46. g4 Nf4+ 47. Kg3 Rg1+ 48. Kxf4 Qd4+ 49. Kg5 Qd8+ 50. Kf4 Qd4+ 51. Kf5
Qd5+ 52. Kf4 g5+ 53. Ke3 Qe5+ 54. Kd3 Rd1+ 55. Rd2 Qd5+ 56. Kc3 Qxd2+ 57. Kb3
Qd3+ 58. Qxd3 Rxd3+ 59. Kc4 Rxf3 60. Kd5 Rf2 61. b4 Rd2+ 62. Kc5 Rc2+ 63. Kd6
Rxh2 64. b5 Rxa2 65. b6 Rb2 66. Kc7 Kf7 67. b7 Rxb7+ 68. Kxb7 h5 69. gxh5 g4
70. h6 Kg6 71. Kc6 Kxh6 72. Kd5 g3 73. Kc4 g2 74. Kd3 Kg7 75. Ke4 Kf7 76. Kd5
g1=Q 77. Ke5 Qd1 78. Kf4 Ke6 79. Ke4 Qd2 80. Kf3 Kf5 81. Kg3 Qe2 82. Kh3 Kf4
83. Kh4 Qh2# {Amateur checkmated} 0-1

[Event "ICS Rated blitz match"]
[Site "204.178.125.65"]
[Date "2000.07.08"]
[Round "?"]
[White "Hossa"]
[Black "QueenMaxima"]
[Result "0-1"]
[WhiteElo "2499"]
[BlackElo "2485"]
[PlyCount "86"]
[EventDate "2000.??.??"]

1. e4 e5 2. Nf3 Nc6 3. Bb5 a6 4. Ba4 Nf6 5. Nc3 Be7 6. Bxc6 dxc6 7. Nxe5 Nxe4
8. Qh5 Nd6 9. O-O Be6 10. Re1 O-O 11. d3 a5 12. Bf4 Re8 13. d4 Nc4 14. Nxc4
Bxc4 15. Qg4 Be6 16. Rxe6 fxe6 17. Qxe6+ Kh8 18. Qc4 Bd6 19. Bxd6 Qxd6 20. a3
Rad8 21. Rf1 Qxd4 22. Qf7 Qb6 23. Nd1 Rf8 24. Qe7 Rde8 25. Qg5 Re2 26. c4 Rfe8
27. Qf5 Rd2 28. Qf7 Red8 29. Ne3 Qxb2 30. Qxc7 Qxa3 31. Qxb7 Qc5 32. Qf7 a4 33.
Qb7 a3 34. Re1 a2 35. Qa6 Qf8 36. f3 Ra8 37. Qxc6 a1=Q 38. Rxa1 Rxa1+ 39. Nf1
Qd8 40. Qc8 Qxc8 41. h4 Qc5+ 42. Kh2 Qf2 43. Nxd2 Qxh4# {Hossa checkmated} 0-1

[Event "ICS rated blitz match"]
[Site "204.178.125.65"]
[Date "2000.07.08"]
[Round "?"]
[White "Hossa"]
[Black "jyrkip"]
[Result "1-0"]
[WhiteElo "2485"]
[BlackElo "1853"]
[PlyCount "47"]
[EventDate "2000.??.??"]

1. e4 c5 2. Nf3 Nc6 3. d4 cxd4 4. Nxd4 g6 5. Nc3 Bg7 6. Be3 Nf6 7. Bc4 Qa5 8.
O-O O-O 9. Bb3 d6 10. h3 Bd7 11. Re1 Rac8 12. Qd3 Ne5 13. Qf1 a6 14. Nd5 Nxd5
15. exd5 b5 16. c3 Nc4 17. Bg5 e5 18. dxe6 fxe6 19. Nxe6 Bxe6 20. Rxe6 d5 21.
Rae1 d4 22. Be7 Rfe8 23. Bb4 Nd2 24. Rxe8# {jyrkip checkmated} 1-0

[Event "ICS rated standard match"]
[Site "204.178.125.65"]
[Date "2000.07.08"]
[Round "?"]
[White "Hossa"]
[Black "WinniPooh"]
[Result "1-0"]
[WhiteElo "2331"]
[BlackElo "2190"]
[PlyCount "49"]
[EventDate "2000.??.??"]

1. e4 d6 2. d4 Nf6 3. Nc3 g6 4. Nf3 Bg7 5. h3 O-O 6. Be3 e5 7. dxe5 dxe5 8.
Qxd8 Rxd8 9. Bg5 Nbd7 10. O-O-O Re8 11. Nb5 Nxe4 12. Be3 Rf8 13. Nxc7 Rb8 14.
Bb5 Nb6 15. Rhe1 f5 16. Ne8 Be6 17. Nxg7 Kxg7 18. Nxe5 Rbc8 19. f3 Nf6 20. Bxb6
axb6 21. Nxg6 hxg6 22. Rxe6 Rf7 23. Rdd6 Rc5 24. a4 Rd5 25. Rxf6 {
WinniPooh resigns} 1-0

[Event "ICS rated blitz match"]
[Site "204.178.125.65"]
[Date "2000.07.08"]
[Round "?"]
[White "Hossa"]
[Black "PostModernist"]
[Result "0-1"]
[WhiteElo "2486"]
[BlackElo "2609"]
[PlyCount "132"]
[EventDate "2000.??.??"]

1. e4 e6 2. d4 d5 3. Nc3 Nc6 4. Nf3 Nf6 5. e5 Ne4 6. a3 Nxc3 7. bxc3 Be7 8. Bd3
Na5 9. O-O O-O 10. Ne1 f5 11. exf6 Bxf6 12. Nf3 c5 13. a4 b6 14. Re1 Bd7 15.
Bb5 a6 16. Bd3 Qc7 17. Bg5 c4 18. Be2 Bxg5 19. Nxg5 Qf4 20. Nh3 Qh6 21. Bg4
Rac8 22. Qe2 Rc6 23. f4 Qg6 24. g3 h6 25. f5 exf5 26. Bf3 Rd6 27. Nf4 Qg5 28.
Bxd5+ Kh8 29. Qe5 Qf6 30. Be6 Nb7 31. Qxf6 Rxf6 32. Bxc4 a5 33. Re7 Nd8 34. h3
Nc6 35. Ree1 Nd8 36. Kf2 Rf8 37. Reb1 g5 38. Nd5 b5 39. Rxb5 Bxb5 40. axb5 Nb7
41. Ne7 f4 42. gxf4 Rxf4+ 43. Kg3 Re4 44. Nf5 Rf6 45. Bd3 Rf4 46. Ne7 Rf2 47.
Nd5 Rf7 48. Bg6 Rf8 49. Re1 Nd6 50. b6 Kg7 51. Re6 R2f3+ 52. Kg4 Nf5 53. Bxf5
R3xf5 54. c4 Rf3 55. c5 R3f5 56. c4 Rf3 57. Re2 Kg6 58. Ne7+ Kg7 59. Re4 a4 60.
b7 a3 61. c6 a2 62. c7 a1=Q 63. c8=Q Rg3+ 64. Kh5 Qd1+ 65. Re2 Qxe2+ 66. Qg4
Rxh3# {Hossa checkmated} 0-1

[Event "ICS rated standard match"]
[Site "204.178.125.65"]
[Date "2000.07.08"]
[Round "?"]
[White "robinhood"]
[Black "Hossa"]
[Result "0-1"]
[WhiteElo "2269"]
[BlackElo "2334"]
[PlyCount "96"]
[EventDate "2000.??.??"]

1. e4 e5 2. Nc3 Nf6 3. f4 d5 4. fxe5 Nxe4 5. Nf3 Be7 6. Bd3 Nxc3 7. dxc3 Nc6 8.
Be3 Bg4 9. Bb5 O-O 10. Bxc6 bxc6 11. Qd3 Bh4+ 12. Kd2 Bxf3 13. gxf3 f6 14. e6
Qe7 15. Qd4 f5 16. Qb4 f4 17. Bc5 Qxe6 18. Qa4 Rf6 19. Rag1 Qh3 20. Bd4 Rg6 21.
Rxg6 hxg6 22. Rd1 Qe6 23. Qa6 Qd6 24. Qb7 Re8 25. Qxa7 Qe7 26. Kc1 Qd7 27. Qa6
g5 28. Bc5 g4 29. Qa4 Bg5 30. fxg4 f3+ 31. Kb1 Qe6 32. Qd4 Qe2 33. Qg1 Re4 34.
h3 Bh4 35. Rc1 f2 36. Bxf2 Qxf2 37. Qxf2 Bxf2 38. Rf1 Bh4 39. Kc1 Kh7 40. Rf7
Bg5+ 41. Kd1 Bf4 42. Rf8 Kh6 43. b3 Kg5 44. a4 Kh4 45. Rh8+ Kg3 46. c4 dxc4 47.
b4 c3 48. Rf8 Bd2 {robinhood resigns} 0-1

[Event "ICS rated blitz match"]
[Site "204.178.125.65"]
[Date "2000.07.08"]
[Round "?"]
[White "RoFischer"]
[Black "Hossa"]
[Result "0-1"]
[WhiteElo "2170"]
[BlackElo "2475"]
[PlyCount "112"]
[EventDate "2000.??.??"]

1. e4 e5 2. Nf3 Nc6 3. Bb5 a6 4. Bxc6 dxc6 5. O-O f6 6. d4 exd4 7. Nxd4 c5 8.
Nb3 Qxd1 9. Rxd1 Bg4 10. f3 Be6 11. Be3 b6 12. Nc3 Bd6 13. a4 Kf7 14. a5 c4 15.
Nd4 b5 16. Nxe6 Kxe6 17. b3 cxb3 18. cxb3 Ne7 19. Ne2 c5 20. Rd2 Nc6 21. Rad1
Rad8 22. Bf4 Be5 23. Rd5 Nd4 24. Bxe5 Rxd5 25. exd5+ Kxe5 26. Nxd4 cxd4 27. Rc1
Kxd5 28. Rc7 d3 29. Rd7+ Kc5 30. Rxd3 Kb4 31. Rd6 Kxa5 32. Kf2 Rc8 33. g4 Rc2+
34. Kg3 Rb2 35. Rd7 g5 36. Rxh7 Rxb3 37. Rf7 Rc3 38. Rxf6 b4 39. Rf5+ Ka4 40.
Rxg5 b3 41. Rd5 b2 42. Rd4+ Kb3 43. Rd8 a5 44. g5 Ka2 45. Rd2 a4 46. h4 Rc1 47.
Kg2 a3 48. g6 Rc7 49. h5 Ka1 50. Rd1+ Rc1 51. g7 Rxd1 52. g8=Q b1=Q 53. Qc4
Qb2+ 54. Kg3 Qg7+ 55. Kf4 Rd4+ 56. Qxd4+ Qxd4+ {RoFischer resigns} 0-1

[Event "ICS rated standard match"]
[Site "204.178.125.65"]
[Date "2000.07.08"]
[Round "?"]
[White "Hossa"]
[Black "RoFischer"]
[Result "1-0"]
[WhiteElo "2347"]
[BlackElo "2107"]
[PlyCount "81"]
[EventDate "2000.??.??"]

1. e4 c6 2. d4 d5 3. Nd2 dxe4 4. Nxe4 Nd7 5. Nf3 Ngf6 6. Nxf6+ Nxf6 7. Bd3 Bg4
8. c3 e6 9. h3 Bh5 10. g4 Bg6 11. Bxg6 hxg6 12. g5 Nh5 13. Bd2 Bd6 14. Qe2 Qc7
15. Ne5 O-O-O 16. O-O-O Bxe5 17. Qxe5 Qxe5 18. dxe5 Rd5 19. Rhe1 Rhd8 20. Kc2
b6 21. b3 c5 22. Bc1 Kc7 23. a3 Kc6 24. Rxd5 exd5 25. Kd3 Kd7 26. b4 Ke6 27.
bxc5 bxc5 28. Be3 c4+ 29. Kd4 Rb8 30. a4 Rb3 31. Ra1 f6 32. exf6 gxf6 33. Re1
Kf5 34. gxf6 Nxf6 35. Bh6 Ne4 36. Kxd5 Nxc3+ 37. Kxc4 Ra3 38. Re3 Nb1 39. Rxa3
Nxa3+ 40. Kb3 Nb1 41. Kb2 {RoFischer resigns} 1-0

[Event "ICS rated blitz match"]
[Site "204.178.125.65"]
[Date "2000.07.08"]
[Round "?"]
[White "Amateur"]
[Black "Hossa"]
[Result "1-0"]
[WhiteElo "2525"]
[BlackElo "2480"]
[PlyCount "135"]
[EventDate "2000.??.??"]

1. e4 e5 2. Nf3 Nc6 3. Bb5 a6 4. Ba4 Nf6 5. O-O Nxe4 6. d4 exd4 7. Re1 d5 8.
Nxd4 Bc5 9. Nc3 O-O 10. Nxe4 Bxd4 11. Bxc6 dxe4 12. Bxe4 Qf6 13. Qf3 Bxb2 14.
Bxb2 Qxb2 15. Reb1 Qd4 16. c3 Qd2 17. Bxb7 Bxb7 18. Qxb7 Qxc3 19. Rc1 Rab8 20.
Qxa6 Qb2 21. Qc6 Rfc8 22. Re1 Qd2 23. a4 Rd8 24. Qxc7 Rb2 25. Qa7 Qc2 26. Qd4
Rc8 27. Rad1 h6 28. a5 Ra2 29. Ra1 Rb2 30. a6 Ra8 31. a7 Rb7 32. Qe3 Qc8 33.
Ra3 Qc2 34. h3 Qc7 35. Rea1 Qc2 36. Rc1 Qf5 37. Qd4 Qg5 38. Re1 Qb5 39. Rg3 g6
40. Ra3 Qc6 41. Qe3 g5 42. Ra5 Qd6 43. Ra4 Qc6 44. Rea1 Qc2 45. Ra6 Kh7 46. Rc1
Rb1 47. Rxb1 Qxb1+ 48. Kh2 Qb7 49. Qd3+ Kg8 50. Rxh6 Qc7+ 51. g3 Rxa7 52. Qh7+
Kf8 53. Qh8+ Ke7 54. Qf6+ Ke8 55. Rh8+ Kd7 56. Rf8 g4 57. Rxf7+ Kc8 58. Qh8+
Qd8 59. Qxd8+ Kxd8 60. Rxa7 Ke8 61. hxg4 Kd8 62. Kh3 Ke8 63. Kh4 Kd8 64. g5 Kc8
65. g6 Kb8 66. Rf7 Kc8 67. g7 Kb8 68. g8=Q# {Hossa checkmated} 1-0

[Event "ICS Rated blitz match"]
[Site "204.178.125.65"]
[Date "2000.07.08"]
[Round "?"]
[White "Hossa"]
[Black "alfilhambriento"]
[Result "1-0"]
[WhiteElo "2466"]
[BlackElo "2000"]
[PlyCount "47"]
[EventDate "2000.??.??"]

1. e4 c6 2. d4 d5 3. Nd2 g6 4. Ngf3 Bg7 5. Be2 dxe4 6. Nxe4 Nf6 7. Nxf6+ Bxf6
8. c3 O-O 9. Bh6 Bg7 10. Qd2 Nd7 11. O-O c5 12. Bxg7 Kxg7 13. Rfd1 Nf6 14. Qe3
cxd4 15. Nxd4 Bd7 16. Bf3 Rb8 17. Nb3 b6 18. Bc6 Re8 19. Rxd7 Nxd7 20. Rd1 Qc7
21. Bxd7 Red8 22. Rd5 Rxd7 23. Qd4+ Kf8 24. Qh8# 1-0

[Event "ICS rated blitz match"]
[Site "204.178.125.65"]
[Date "2000.07.08"]
[Round "?"]
[White "Amateur"]
[Black "Hossa"]
[Result "1-0"]
[WhiteElo "2572"]
[BlackElo "2467"]
[PlyCount "119"]
[EventDate "2000.??.??"]

1. Nf3 d5 2. g3 Nf6 3. Bg2 e6 4. d4 Bd6 5. O-O c5 6. c4 cxd4 7. cxd5 Nxd5 8.
Qxd4 O-O 9. Bg5 f6 10. Bd2 Nc6 11. Qh4 Nb6 12. Nc3 e5 13. Nb5 Bc5 14. Rac1 a6
15. Rxc5 axb5 16. Rxb5 Ra4 17. b4 Be6 18. Be3 Nc4 19. Bh3 Qc8 20. Bxe6+ Qxe6
21. Rxb7 Nxe3 22. fxe3 Rxa2 23. Qe4 Nd8 24. Rb8 Nf7 25. Rxf8+ Kxf8 26. Qxh7 Qb6
27. Nh4 Ke7 28. Nf5+ Ke6 29. Qxg7 Ra7 30. Qf8 Kd5 31. Ne7+ Rxe7 32. Rd1+ Kc4
33. Qxe7 Ng5 34. Kf1 Kb3 35. Rd6 Qb5 36. Qxf6 Ne4 37. Qe6+ Qc4 38. Rc6 Qxe6 39.
Rxe6 Kxb4 40. Rxe5 Nd2+ 41. Kf2 Nc4 42. Rd5 Kc3 43. h4 Nb6 44. Rd3+ Kc4 45. h5
Nd5 46. Rd4+ Kc5 47. Rxd5+ Kxd5 48. h6 Ke6 49. h7 Ke7 50. Kf3 Kf8 51. h8=Q+ Ke7
52. Kf4 Kd7 53. Ke5 Kc6 54. g4 Kc5 55. Qc8+ Kb4 56. Kd4 Kb3 57. Qc3+ Ka4 58.
Qb2 Ka5 59. Kc5 Ka6 60. Qb6# {Hossa checkmated} 1-0